[Event "Cholet-E"]
[Site "Cholet"]
[Date "2011.03.08"]
[Round "5"]
[White "Picherit, Olivier"]
[Black "Lege, Timothee"]
[Result "1-0"]
[WhiteElo "1499"]
[BlackElo "1199"]
[PlyCount "69"]
[EventDate "2011.03.05"]
[EventType "tourn"]
[EventRounds "9"]
[EventCountry "FRA"]
[SourceTitle "EXT 2012"]
[Source "ChessBase"]
[SourceDate "2011.11.24"]
[SourceVersion "1"]
[SourceVersionDate "2011.11.24"]
[SourceQuality "1"]

1. d4 d5 2. Nf3 e6 3. Bg5 Nf6 4. e3 Be7 5. Nc3 0-0 6. Bb5 a6 7. Ba4 b5 8. Bb3 Bb7 9. 0-0 Nbd7 10. a4 b4 11. Ne2 h6 12. Bxf6 Nxf6 13. Qd2 Ne4 14. Qd3 Bd6 15. c3 bxc3 16. Nxc3 Rc8 17. Bc2 Re8 18. Qd1 Bb4 19. Na2 Bd6 20. Bd3 e5 21. Qb3 Rb8 22. Nc3 exd4 23. exd4 c5 24. Rfe1 c4 25. Bxc4 dxc4 26. Qxc4 Nxc3 27. Qxc3 Rxe1+ 28. Qxe1 Bxf3 29. gxf3 Rxb2 30. Qc1 Qb6 31. Qc8+ Kh7 32. Qf5+ Kg8 33. Re1 Kf8 34. Qc8+ Qd8 35. Qxd8# 1-0